Sydney Ferry Network with a Map - Statistics

General Stats
  • This quiz has been taken 157 times
  • The average score is 22 of 36
Answers on the Map
Answers color-coded by a green-red scale on the quiz's map according to % correct below.
 
Answer Stats
Line Answer % Correct
F1 Manly
97%
F1 Circular Quay
96%
F3 Parramatta
93%
F2 Taronga Zoo
85%
F3 Barangaroo
81%
F3 Milsons Point
81%
F9 Rose Bay
78%
F3 Cockatoo Island
76%
F9 Watsons Bay
75%
F3 Balmain
73%
F3 Sydney Olympic Park
73%
F5 Neutral Bay
70%
F3 Balmain East
67%
F7 Double Bay
67%
F3 McMahons Point
65%
F3 Rydalmere
64%
F4 Pyrmont Bay
63%
F5 Kirribilli
61%
F3 Meadowbank
60%
F3 Cabarita
58%
F3 Drummoyne
58%
F5 North Sydney
58%
F6 Mosman Bay
56%
F8 Woolwich
53%
F3 Abbotsford
52%
F3 Kissing Point
52%
F8 Birchgrove
51%
F6 Cremorne Point
48%
F3 Huntleys Point
47%
F3 Chiswick
45%
F7 Darling Point
43%
F6 Old Cremorne
41%
F7 Garden Island
39%
F5 Kurraba Point
39%
F6 South Mosman
37%
F8 Greenwich Point
31%
No matching quizzes found
Score Distribution
Percent of People with Each Score
Percentile by Number Answered
Your Score History
You have not taken this quiz